000
00338nam a2200145Ia 4500
008
100122s9999 xx 000 0 und d
082
_b
18153
_a
546
100
_a
MITRA LADIMOHAN
245
_a
INORGIC CHEMISTRY
260
_b
GHOSH &CO
300
_a
747
630
_a
INORGIC CHEMISTRY
730
_a
INORGIC CHEMISTRY
942
_c
BOOK
999
_c
365563
_d
365560